From Pascal to C : an introduction to the C programming language

Αποθηκεύτηκε σε:
Λεπτομέρειες βιβλιογραφικής εγγραφής
Κύριος συγγραφέας: Brown, Douglas L.
Μορφή: Βιβλίο
Γλώσσα:English
Δημοσίευση: Belmont, California : Wadsworth, 1985.
Θέματα:
Ετικέτες: Προσθήκη ετικέτας
Δεν υπάρχουν, Καταχωρήστε ετικέτα πρώτοι!

MARC

LEADER 00000cam a2200000 i 4500
001 1/43717
008 960208s1985 cau| ||| |||| ||eng||
020 |a 0534046029 
035 |l 10025834 
040 |a GR-MyUa  |b gre  |e AACR2 
041 0 |a eng 
082 7 |a 005.133   |2 (22) 
100 1 |a Brown, Douglas L. 
245 1 0 |a From Pascal to C :   |b an introduction to the C programming language /   |c Douglas H. Brown. 
260 |a Belmont, California :   |b Wadsworth,   |c 1985. 
300 |a xii, 152 σ. ;   |c 24 εκ. 
650 0 0 |a C (Computer program language) 
852 |a INST  |b CHIOS  |e 19960208  |h 005.133 BRO  |p 005200002378  |q 005200002378  |t BK  |y 0